000 00923nam a2200265 u 4500
001 000020465
003 DO-SdBPM
005 20250116091046.0
008 100809s2015 dr r 000 0 spa d
020 _a9789945167054
040 _aDO-SdBPM
_bspa
_cBPMSU
082 4 _a363.69
_bC951s 2015
_222
100 1 _aCross Frías, Elvira angélica
_d1941-
245 1 0 _aSobre el patrimonio cultural :
_bmueble, inmueble e intangible /
_cElvira Angélica Cross Frías.
260 _aSanto Domingo, :
_bEditora Búho,
_c2015.
300 _a69 p. ;
_c23 cm.
500 _aIncluye datos biográficos de la autora en la solapa de la cubierta.
590 _aInventariado, 2025/VM
650 4 _aBienes culturales
_v
650 4 _aPreservación del patrimonio histórico
650 4 _aIdentidad cultural
650 4 _aConservación del patrimonio cultural
910 _aVMateo V. Control de calidad BPMSU
942 _2ddc
_cBK
999 _c14908
_d14908